| 000 | 01114nam2a22002531 4500 | ||
|---|---|---|---|
| 001 | RU\NLR\INFOCOMM15\1000022521 | ||
| 005 | 20031118155810.0 | ||
| 035 | _a(NLR Aleph) 002271798 | ||
| 090 |
_a3959255 _c3959255 |
||
| 100 | _a20031118d1980 |||y0rusy50 ca | ||
| 101 | 0 | _arus | |
| 102 | _aRU | ||
| 105 | _ay ||||||||| | ||
| 200 | 1 |
_aРазвитие и эффективное использование производственно-технической базы автотранспортных предприятий в десятой пятилетке _fГазаев Ю.М. |
|
| 210 | _d1980 | ||
| 461 | 0 |
_1001RU\NLR\INFOCOMM15\1000022519 _12001#$aАвтомобильный транспорт$eОбзор. информ.$hСерия 4$iТехническое обслуживание и ремонт автомобилей$fМ-во автомоб. трансп. РСФСР. ЦБНТИ$v1980 Вып.1 |
|
| 700 | 1 |
_aГазаев _bЮ. М. _4070 |
|
| 801 | 0 |
_aRU _bNLR _gPSBO |
|
| 801 | 1 |
_aRU _bInfoComm _c20031118 |
|
| 852 |
_aNLR _jП10/5699 |
||
| 942 | _cISSUE | ||
| 980 | _aNB | ||
| 980 | _aRUSPER | ||